[Event "German Bundesliga 2021-22"]
[Site "Germany"]
[Date "2022.05.01"]
[Round "6.7"]
[White "Lindgren, Philip"]
[Black "Gauglitz, Gernot"]
[Result "1/2-1/2"]
[WhiteElo "2361"]
[BlackElo "2392"]
[Annotator "TA"]
[PlyCount "166"]
[EventDate "2022.03.05"]
[EventType "team-tourn"]
[EventCountry "GER"]
[SourceTitle "playchess.com"]
[Source "ChessBase"]
[SourceQuality "1"]
[TimeControl "40/5400+30:1800+30"]

{[%evp 21,166,23,20,0,0,-25,-26,-179,0,0,33,-10,-19,-23,-7,0,0,0,-16,-86,0,-64,-59,-56,-67,-150,-19,-29,-16,-12,0,0,0,0,0,-6,-3,-6,0,-37,-42,-84,-86,-88,-83,-96,-72,-74,-66,-68,-81,-91,-15,-16,-27,-162,-162,-150,-112,-118,-45,-147,-8,-8,0,-43,0,-16,-8,-8,0,0,0,0,0,-16,0,-16,-16,-16,-16,-25,0,0,0,0,0,0,0,0,7,7,7,7,7,7,7,7,7,0,0,0,0,0,0,0,8,8,8,8,8,8,8,8,8,8,8,8,8,8,8,8,8,0,8,7,7,7,7,7,8,8,8,8,8,8,8,0,8,8,8,0,0,0,0,0,0]} 1. d4 {[%emt 0:00:00]} Nf6 {[%emt 0:00:00]} 2. c4 {[%emt 0:00:00]} g6 {[%emt 0:00:00]} 3. Nf3 {[%emt 0:00:00]} Bg7 {[%emt 0:00:00]} 4. Nc3 {[%emt 0:00:00]} d5 {[%emt 0:00:00]} 5. Qb3 {[%emt 0:00:00]} dxc4 {[%emt 0:00:00]} 6. Qxc4 {[%emt 0:00:00]} O-O {[%emt 0:00:00]} 7. e4 {[%emt 0:00:00]} Na6 {[%emt 0:00:00]} 8. Be2 {[%emt 0:00:00]} c5 {[%emt 0:00:00]} 9. d5 {[%emt 0:00:00]} e6 {[%emt 0:00:00]} 10. O-O {[%emt 0:00:00]} exd5 {[%emt 0:00:00]} 11. exd5 {[%emt 0:00:00]} Bf5 {[%emt 0:26:23]} 12. Nh4 {[%emt 0:10:00] D97: Grünfeld: Russian System: 7 e4, replies other than 7...Bg4.} Bd7 {[%emt 0:01:12]} 13. Rd1 {[%emt 0:02:51]} Re8 {[%emt 0:03:06][%cal Ob7b5] ...b5! is the strong threat.} 14. Be3 $2 {[%emt 0:03:21] [#]} (14. Nf3 $11) 14... Rc8 $146 {[%emt 0:04:53]} (14... b5 $1 $19 {[%cal Rb5c4]} 15. Qf4 (15. Nxb5 $2 Re4 $19) 15... b4 $1) ({Predecessor:} 14... b5 15. Qf4 b4 16. Nb5 Re4 17. Qg3 Ng4 18. Nf3 Nxe3 19. fxe3 Rxe3 20. Qf2 Qe8 {0-1 (47) Edouard,R (2587)-Le Roux,J (2517) Caen 2011}) 15. Nf3 $11 {[%emt 0:17:31]} Qa5 {[%emt 0:16:26]} 16. a4 {[%emt 0:11:30]} (16. d6 {is more complex.} Qb4 17. Ng5 Rf8 18. Qb3) 16... Nb4 {[%emt 0:04:12][%cal Ba6b4,Bb4c2,Bc2d4][%mdl 32] Black wants to play ...Nc2.} 17. Rd2 {[%emt 0:12:04] Against Nc2} a6 {[%emt 0:05:42]} 18. Qh4 {[%emt 0:04:03]} Bf5 {[%emt 0:05:53] aiming for ...Nc2.} 19. d6 {[%emt 0:16:32]} Nc2 {[%emt 0:02:42]} 20. Bg5 {[%emt 0:01:11]} Nd7 {[%emt 0:06:03]} (20... Nxa1 $17 21. Bxf6 Nb3) 21. Rc1 {[%emt 0:03:03]} (21. Rad1 $11) 21... Nd4 $1 $15 {[%emt 0:00:56]} 22. Be7 {[%emt 0:06:23]} Qb4 {[%emt 0:06:06][%cal Oe8e7]} 23. Bd1 {[%emt 0:07:03] [#]} (23. Rcd1 $15) 23... Bf8 {[%emt 0:05:22]} (23... Be6 $1 $17 {[%cal Oe8e7] White must now prevent ...Rxe7!} 24. g3 (24. Ng5 $2 Ne2+ 25. Bxe2 Qxh4 $19) 24... Nf5 25. Qxb4 cxb4) 24. Nxd4 $11 {[%emt 0:05:01]} ({Don't go for} 24. Ng5 $2 {[#]} Ne2+ $1 {[%mdl 512]} 25. Bxe2 Qxh4 $19) 24... cxd4 {[%emt 0:00:27]} 25. Qxd4 {[%emt 0:00:35]} ({Wrong is} 25. Rxd4 $2 Qxb2 26. g4 Be6 $19) 25... Qxd4 {[%emt 0:00:05]} (25... Rc4 {with more complications.} 26. Qe3 Bxe7 27. Be2 Rcc8) 26. Rxd4 {[%emt 0:00:05]} Bxe7 {[%emt 0:00:09]} 27. dxe7 {[%emt 0:00:05]} Rxe7 {[%emt 0:00:03][%cal Re7e1]} 28. Bf3 {[%emt 0:01:05]} Ne5 $40 {[%emt 0:00:13][%mdl 128] Black has some attack.} 29. Be4 {[%emt 0:02:01]} Be6 {[%emt 0:02:20]} 30. Rcd1 {[%emt 0:00:28]} Nc4 {[%emt 0:00:31]} 31. Rd8+ {[%emt 0:00:35]} Rxd8 {[%emt 0:00:05]} 32. Rxd8+ {[%emt 0:00:06]} Kg7 {[%emt 0:00:02]} 33. Rb8 {[%emt 0:00:45]} Bd5 {[%emt 0:07:06]} 34. Nxd5 {[%emt 0:00:39]} Rxe4 $17 {[%emt 0:00:05][%cal Re4e1][%mdl 4096] Endgame KRN-KRN} 35. f3 {[%emt 0:00:28]} Rd4 {[%emt 0:00:25]} 36. Nc3 {[%emt 0:00:32]} Nxb2 {[%emt 0:01:15]} ({Black should try} 36... Nd6 $17) 37. Rxb7 $11 {[%emt 0:00:28]} Nxa4 {[%emt 0:00:05]} 38. Nxa4 {[%emt 0:00:32]} (38. Ne4 $1 $11 {and White has nothing to worry.}) 38... Rxa4 $17 {[%emt 0:00:06] KR-KR} 39. Kf2 {[%emt 0:00:30]} Ra2+ {[%emt 0:00:27]} 40. Kg3 {[%emt 0:00:13]} g5 {[%emt 0:01:33]} (40... a5 $17 {Threatens to win with ...a4.} 41. Ra7 a4) 41. Rb6 {[%emt 0:30:39]} (41. Rb4 $1 $15) 41... h5 {[%emt 0:33:33]} (41... Ra4 $17 {Hoping for ...a5.} 42. f4 Rxf4 43. Rxa6 h5) 42. h4 $1 $11 {[%emt 0:00:00]} f6 {[%emt 0:00:00]} 43. Rc6 {[%emt 0:00:00]} Ra5 {[%emt 0:00:00]} 44. Rb6 {[%emt 0:00:00]} Kg6 {[%emt 0:00:00]} 45. hxg5 {[%emt 0:00:00]} Rxg5+ {[%emt 0:00:00]} 46. Kh3 {[%emt 0:00:00]} a5 {[%emt 0:00:00]} 47. Ra6 {[%emt 0:00:00]} Rc5 {[%emt 0:00:00]} 48. Kh4 {[%emt 0:00:00]} Rb5 {[%emt 0:00:00]} 49. Ra8 {[%emt 0:00:00]} Rb4+ {[%emt 0:00:00]} 50. Kh3 {[%emt 0:00:00]} a4 {[%emt 0:00:00]} 51. g3 {[%emt 0:00:00]} Kg5 {[%emt 0:00:00]} 52. Ra5+ {[%emt 0:00:00] The position is equal.} f5 {[%emt 0:00:00]} 53. f4+ {[%emt 0:00:00]} Kg6 {[%emt 0:00:00]} 54. Ra6+ {[%emt 0:00:00]} Kg7 {[%emt 0:00:00]} 55. Kh4 {[%emt 0:00:00]} Rb3 {[%emt 0:00:00]} 56. Rxa4 {[%emt 0:00:00]} Kg6 {[%emt 0:00:00]} 57. Ra6+ {[%emt 0:00:00]} Kg7 {[%emt 0:00:00]} 58. Ra8 {[%emt 0:00:00]} Kg6 {[%emt 0:00:00]} 59. Rg8+ {[%emt 0:00:00]} Kf6 {[%emt 0:00:00]} 60. Kxh5 {[%emt 0:00:00]} Kf7 {[%emt 0:00:00]} 61. Rg5 {[%emt 0:00:00]} Kf6 {[%emt 0:00:00]} 62. Kh4 {[%emt 0:02:07]} Rb8 {[%emt 0:00:00]} 63. Kh3 {[%emt 0:00:30]} Rh8+ {[%emt 0:00:00]} 64. Kg2 {[%emt 0:00:08]} Ra8 {[%emt 0:00:00]} 65. Rh5 {[%emt 0:00:42]} Kg6 {[%emt 0:00:00]} 66. Rh1 {[%emt 0:00:41]} Ra2+ {[%emt 0:00:00]} 67. Kh3 {[%emt 0:00:30]} Ra3 {[%emt 0:00:00]} 68. Rb1 {[%emt 0:00:52]} Rc3 {[%emt 0:00:09]} 69. Rb6+ {[%emt 0:01:31]} Kg7 {[%emt 0:00:05]} 70. Kh4 {[%emt 0:00:48]} Ra3 {[%emt 0:00:04]} 71. Rb7+ {[%emt 0:00:49]} Kg6 {[%emt 0:00:08]} 72. Rb6+ {[%emt 0:00:04]} Kg7 {[%emt 0:00:04]} 73. Kg5 {[%emt 0:00:41]} Rxg3+ {[%emt 0:00:06]} 74. Kxf5 {[%emt 0:00:04]} Ra3 {[%emt 0:00:13]} 75. Rb7+ {[%emt 0:00:29]} Kf8 {[%emt 0:00:06]} 76. Kg5 {[%emt 0:02:29]} Ra6 {[%emt 0:00:13]} 77. f5 {[%emt 0:00:07]} Rc6 {[%emt 0:00:09]} 78. Rb8+ {[%emt 0:00:47]} Kf7 {[%emt 0:00:05]} 79. Rb7+ {[%emt 0:00:13]} Kf8 {[%emt 0:00:05]} 80. Rh7 {[%emt 0:00:54]} Ra6 {[%emt 0:00:12]} 81. Rh6 {[%emt 0:00:22]} Rxh6 {[%emt 0:02:30]} 82. Kxh6 {[%emt 0:00:06] White wants to mate with Kg6.} Kf7 {[%emt 0:00:02]} 83. f6 {[%emt 0:00:05]} Kxf6 {[%emt 0:00:06] Weighted Error Value: White=0.26 (precise) /Black=0.28 (precise)} 1/2-1/2

[Event "German Bundesliga 2021-22"]
[Site "Germany"]
[Date "2022.05.01"]
[Round "6.8"]
[White "Hausrath, Daniel"]
[Black "Agrest, Inna"]
[Result "1-0"]
[WhiteElo "2475"]
[BlackElo "2258"]
[Annotator "TA"]
[PlyCount "117"]
[EventDate "2022.03.05"]
[EventType "team-tourn"]
[EventCountry "GER"]
[SourceTitle "playchess.com"]
[Source "ChessBase"]
[SourceQuality "1"]
[TimeControl "40/5400+30:1800+30"]

{[%evp 12,117,20,23,30,26,55,46,51,53,39,30,50,27,16,17,22,0,26,0,0,-14,-14,0,0,0,-1,-29,-20,-17,-19,-19,-20,-30,-25,-27,0,0,0,6,39,0,-7,-43,66,0,53,71,174,166,222,223,199,233,236,178,268,270,281,245,308,92,92,101,92,57,279,295,414,414,487,489,489,470,483,489,480,480,480,470,474,474,466,466,466,464,455,455,455,410,571,555,579,550,894,889,873,845,811,806,1638,1357,6466,2697,1803,1616,6815,5818]} 1. Nf3 {[%emt 0:00:00]} Nf6 {[%emt 0:00:00]} 2. g3 {[%emt 0:00:00]} g6 {[%emt 0:00:00]} 3. b3 {[%emt 0:00:00]} Bg7 {[%emt 0:00:00]} 4. Bb2 {[%emt 0:00:00]} O-O {[%emt 0:00:00]} 5. Bg2 {[%emt 0:00:00]} d6 {[%emt 0:00:00]} 6. d4 {[%emt 0:00:00]} Nbd7 {[%emt 0:00:00]} 7. O-O {[%emt 0:00:00]} a5 {[%emt 0:00:00] A49: 1 d4 Nf6 2 Nf3 g6 3 g3: Anti-King's Indian systems.} 8. c4 {[%emt 0:00:00]} a4 {[%emt 0:00:00]} 9. Nc3 {[%emt 0:00:40]} (9. bxa4 Nb6 $15) 9... a3 {[%emt 0:01:05] White is slightly better.} 10. Bc1 {[%emt 0:00:22]} c6 {[%emt 0:06:29] [#]} 11. h3 $146 {[%emt 0:06:52]} ({Predecessor:} 11. Bg5 Qa5 12. Bd2 Qc7 13. Qc1 e5 14. Bh6 Re8 15. Bxg7 Kxg7 16. dxe5 dxe5 17. Ne1 {0-1 (53) Wisniewski,A (2351)-Budzisz,A (1985) Katowice 2021}) 11... Re8 {[%emt 0:12:07]} 12. Be3 {[%emt 0:02:17]} e5 {[%emt 0:04:35]} 13. dxe5 {[%emt 0:08:02]} dxe5 {[%emt 0:00:19]} 14. Qd2 {[%emt 0:03:40]} Bf8 {[%emt 0:24:56]} 15. Ne1 {[%emt 0:16:37]} Nc5 {[%emt 0:11:16]} 16. Rd1 {[%emt 0:13:57]} Qxd2 {[%emt 0:14:49]} 17. Bxd2 {[%emt 0:00:44]} h5 {[%emt 0:04:33]} 18. Nc2 {[%emt 0:17:02]} Bf5 {[%emt 0:03:53]} 19. Rc1 {[%emt 0:03:57]} Red8 {[%emt 0:04:28]} 20. Bg5 {[%emt 0:04:48]} Kg7 {[%emt 0:03:00]} 21. Ne3 {[%emt 0:01:12]} Rd7 {[%emt 0:05:20]} 22. f4 {[%emt 0:08:22]} Nh7 {[%emt 0:01:18]} 23. Bh4 $1 {[%emt 0:00:18]} Be6 {[%emt 0:01:39][%cal Oc5b3]} 24. f5 {[%emt 0:01:29] Strongly threatening g4.} (24. fxe5 $2 g5 25. Bxg5 Nxg5 $19) 24... g5 {[%emt 0:01:06]} 25. fxe6 {[%emt 0:01:53]} fxe6 {[%emt 0:00:15]} 26. b4 {[%emt 0:02:10] aiming for Bxg5.} Na6 {[%emt 0:00:35]} 27. b5 {[%emt 0:01:44] [#]} Nb4 {[%emt 0:00:59] [#]} (27... Bc5 $1 $15 28. Kf2 (28. bxc6 $2 Bxe3+ 29. Kh2 bxc6 $19) (28. Rf3 g4 $17) 28... Rf8+ 29. Bf3 gxh4 30. bxa6 hxg3+ 31. Kxg3 Bxe3) 28. Rb1 {[%emt 0:03:30]} gxh4 {[%emt 0:00:43]} ({Better is} 28... Bc5 $11) 29. Rxf8 $1 $14 {[%emt 0:00:46][%mdl 64] Remove Defender} Rxf8 {[%emt 0:00:34]} (29... Nxf8 $16 30. Rxb4 c5) 30. Rxb4 $18 {[%emt 0:00:02]} c5 {[%emt 0:00:28]} (30... hxg3 $142 31. bxc6 bxc6 32. Bxc6 Rd4) 31. Rb3 {[%emt 0:00:49]} hxg3 {[%emt 0:00:27]} 32. Ne4 {[%emt 0:00:12]} ({Don't take} 32. Rxa3 Nf6 33. Ra7 b6) 32... b6 {[%emt 0:00:19]} 33. Nxg3 {[%emt 0:00:24] Pair of Knights!} Nf6 {[%emt 0:00:37]} (33... Rd2 $142) 34. Rxa3 {[%emt 0:01:17]} Rd2 {[%emt 0:00:24]} 35. Bf3 {[%emt 0:02:04]} Kh6 {[%emt 0:00:53]} 36. Rd3 $2 {[%emt 0:02:05]} (36. h4 $18 {is more deadly.}) 36... Rd8 $16 {[%emt 0:00:39]} 37. Rxd8 {[%emt 0:00:27]} Rxd8 {[%emt 0:00:02]} 38. Ne4 {[%emt 0:01:02]} Ne8 {[%emt 0:00:52] A mistake that costs the game.} (38... Nxe4 $14 39. Bxe4 Rd2) 39. h4 $18 {[%emt 0:00:33]} Rd7 {[%emt 0:00:35]} (39... Ra8 $142 40. Nxc5 Ra3) 40. Ng5 {[%emt 0:00:28]} Ng7 {[%emt 0:00:27]} 41. Be4 {[%emt 0:30:33]} Re7 {[%emt 0:00:00]} 42. a4 {[%emt 0:00:00][%cal Oa4a5]} Ne8 {[%emt 0:00:00] [#]} 43. Bd5 $1 {[%emt 0:00:00][%mdl 512]} Ra7 {[%emt 0:00:00]} 44. Bxe6 {[%emt 0:00:00]} Nd6 {[%emt 0:00:00]} 45. Nf5+ {[%emt 0:00:00]} Nxf5 {[%emt 0:00:00]} 46. Bxf5 {[%emt 0:00:00]} Rxa4 {[%emt 0:00:00]} 47. Be6 {[%emt 0:00:00]} ({Less strong is} 47. Nf7+ Kg7 48. Nd6 (48. Nxe5 $2 Kf6 $17) 48... Ra8 $18) 47... Kg6 {[%emt 0:00:00]} 48. Ne4 {[%emt 0:00:00]} Ra1+ {[%emt 0:00:00]} 49. Kg2 {[%emt 0:00:00]} Re1 {[%emt 0:00:00]} 50. Nc3 {[%emt 0:00:00]} Kf6 {[%emt 0:00:40]} 51. Bd5 {[%emt 0:00:00] White is clearly winning.} Kf5 {[%emt 0:01:30]} 52. Bf3 {[%emt 0:00:00] Na4 is the strong threat.} Rc1 {[%emt 0:07:01]} 53. Nd5 {[%emt 0:00:00]} e4 {[%emt 0:00:39]} 54. Bxh5 {[%emt 0:00:00]} Ke5 {[%emt 0:01:01]} 55. Nxb6 {[%emt 0:00:00]} Kd4 {[%emt 0:00:28]} 56. Bg4 {[%emt 0:00:00] And now h5 would win.} Ra1 {[%emt 0:02:38]} 57. h5 {[%emt 0:00:00]} Ra7 {[%emt 0:00:34]} 58. Nd7 {[%emt 0:00:00] Hoping for b6.} Kxc4 {[%emt 0:00:42]} 59. b6 {[%emt 0:00:00] Weighted Error Value: White=0.20 (precise) /Black=0.34} 1-0

[Event "German Bundesliga 2021-22"]
[Site "Germany"]
[Date "2022.05.01"]
[Round "6.8"]
[White "Loxine, Jakov"]
[Black "Rafiee, Makan"]
[Result "1-0"]
[WhiteElo "2390"]
[BlackElo "2338"]
[Annotator "TA"]
[PlyCount "115"]
[EventDate "2022.03.05"]
[EventType "team-tourn"]
[EventCountry "GER"]
[SourceTitle "playchess.com"]
[Source "ChessBase"]
[SourceQuality "1"]
[TimeControl "40/5400+30:1800+30"]

{[%evp 9,115,29,40,24,19,22,27,17,21,13,20,8,22,2,5,14,22,9,23,-10,-13,-17,0,-16,0,0,18,3,28,15,32,0,0,-25,-21,-22,-12,-17,-10,-19,0,0,0,3,11,1,14,13,56,45,58,64,56,30,59,33,340,317,423,422,438,159,157,161,160,157,224,216,250,223,214,133,126,81,137,84,77,79,79,0,0,0,97,0,107,106,890,1113,1314,1266,1231,1212,29972,29973,29973,29975,29974,29975,29980,29981,29986,29987,29988,29989,29989,29981,29981,29982]} 1. Nf3 {[%emt 0:00:00]} d5 {[%emt 0:00:00]} 2. g3 {[%emt 0:00:00]} Nd7 {[%emt 0:00:00]} 3. d4 {[%emt 0:00:00]} Nb6 {[%emt 0:00:00]} 4. Bg2 {[%emt 0:00:00]} Bf5 {[%emt 0:00:00]} 5. O-O {[%emt 0:00:00]} e6 {[%emt 0:00:00]} 6. Nbd2 {[%emt 0:00:00] D02: 1 d4 d5 2 Nf3 sidelines, including 2...Nf6 3 g3 and 2...Nf6 3 Bf4.} Be7 {[%emt 0:00:00]} 7. b3 {[%emt 0:00:00]} Nf6 {[%emt 0:00:00][%cal Bg8f6,Bf6e4,Be4d2][%mdl 32]} 8. Bb2 {[%emt 0:00:00] White has an edge.} O-O {[%emt 0:00:00]} 9. c4 {[%emt 0:06:18]} Ne4 {[%emt 0:08:50]} 10. Rc1 {[%emt 0:04:27]} c6 {[%emt 0:01:04]} 11. Ne5 {[%emt 0:03:50]} Nxd2 {[%emt 0:22:11]} 12. Qxd2 {[%emt 0:00:05] [#]} h6 $146 {[%emt 0:00:51]} ({Predecessor:} 12... Nd7 13. Nd3 a5 14. Rfd1 Qb6 15. e3 Rfd8 16. c5 Qc7 17. Bc3 Bxd3 18. Qxd3 b6 19. cxb6 Qxb6 {½-½ (27) Moranda,W (2588)-Jaracz,P (2508) Poland 2015}) 13. f3 {[%emt 0:33:14]} a5 {[%emt 0:04:16]} 14. c5 {[%emt 0:00:26]} Nd7 {[%emt 0:00:06]} 15. Nd3 {[%emt 0:00:35]} Bh7 {[%emt 0:19:29]} 16. Rc2 {[%emt 0:05:21]} Qb8 {[%emt 0:04:45]} 17. e4 {[%emt 0:00:37]} Rd8 {[%emt 0:01:13]} 18. Qe3 {[%emt 0:00:35]} Bf8 {[%emt 0:03:28]} 19. Rfc1 {[%emt 0:06:16]} Qa7 {[%emt 0:01:42]} 20. e5 {[%emt 0:02:29]} Rdc8 {[%emt 0:02:29]} 21. Bf1 {[%emt 0:03:20]} b6 {[%emt 0:05:30]} 22. Ba3 {[%emt 0:05:55]} bxc5 {[%emt 0:01:05]} 23. dxc5 {[%emt 0:00:33]} Rcb8 {[%emt 0:01:01]} 24. f4 {[%emt 0:01:10]} Be4 {[%emt 0:06:23]} 25. Rc3 {[%emt 0:03:45]} Be7 {[%emt 0:05:59]} 26. Nf2 {[%emt 0:00:30]} Bh7 {[%emt 0:00:26][%cal Ob8b4]} 27. Bd3 {[%emt 0:03:04]} Bxd3 {[%emt 0:01:16]} 28. Nxd3 {[%emt 0:00:06]} Rd8 {[%emt 0:04:03]} 29. R3c2 {[%emt 0:01:19]} Nb8 {[%emt 0:00:56]} 30. g4 {[%emt 0:10:53]} Na6 {[%emt 0:01:04]} 31. Rf1 {[%emt 0:00:38]} Rab8 {[%emt 0:02:38]} 32. f5 {[%emt 0:00:33][%cal Bf4f5,Bf5f6][%mdl 32] Hoping for f6.} Nb4 $2 {[%emt 0:01:30][%mdl 8192]} (32... Bg5 $14 33. Qd4 Qb7) 33. Bxb4 $18 axb4 34. f6 $1 {[%emt 0:01:01]} Bf8 {[%emt 0:00:08]} 35. g5 $2 {[%emt 0:01:06]} (35. fxg7 $18 {and the rest is easy.} Bxg7 36. g5) 35... g6 $16 {[%emt 0:00:33]} 36. gxh6 {[%emt 0:00:13][%cal Oh6h7] Black must now prevent h7+!} Kh7 {[%emt 0:00:26]} 37. Qd4 {[%emt 0:00:24] White is much more active.} Bxh6 {[%emt 0:01:54]} (37... Rb5 $16 {keeps fighting.} 38. Rff2 Rdb8) 38. Rf3 $1 $18 {[%emt 0:01:38] Rh3 would kill now.} (38. Nxb4 $6 Qb7 39. Nd3 Rh8) 38... Rh8 {[%emt 0:00:20]} 39. Rh3 {[%emt 0:00:08][%cal Oh3h6]} Kg8 {[%emt 0:00:16]} 40. Kg2 {[%emt 0:04:20]} Qa5 {[%emt 0:03:49]} 41. Rf2 {[%emt 0:09:42]} Qa3 {[%emt 0:00:07]} (41... Bg5 $142) 42. Rh4 {[%emt 0:03:02]} (42. Qh4 $142) 42... Bg5 {[%emt 0:04:57]} 43. Rg4 $36 {[%emt 0:02:51][%mdl 2048] White is on the roll.} Rh5 {[%emt 0:00:07]} 44. Nf4 {[%emt 0:11:21]} ({Of course not} 44. Nxb4 Be3 45. Qxe3 Rxb4 46. Rxb4 Qxb4 $11) (44. Rc2 $16) 44... Bxf4 $11 {[%emt 0:00:11]} 45. Qxf4 {[%emt 0:00:04]} Ra8 {[%emt 0:08:43]} (45... Qa7 $11 {keeps the balance.}) 46. Rg5 {[%emt 0:01:48]} ({Better is} 46. Qg3 $16 {[%cal Og4g6] Intending Rxg6+! and mate.} Rh6 47. Rc2) 46... Rh6 {[%emt 0:01:25]} (46... Kh7 $1 $11 {remains equal.}) 47. h4 $16 {[%emt 0:00:10][%cal Bh2h4,Bh4h5][%mdl 32] aiming for h5!} Kh7 $2 {[%emt 0:06:04][%mdl 8192]} (47... Qa6 $16) 48. h5 $1 $18 {[%emt 0:00:10] hxg6+ is the strong threat.} Rg8 {[%emt 0:00:20] [#]} 49. Kf3 $1 {[%emt 0:00:10][%cal Bg2f3,Bf3e3,Be3e4][%mdl 32] Threatening mate with Rh2.} (49. hxg6+ Rgxg6 50. Rxg6 Rxg6+ 51. Kf3 Kg8 $18) 49... Qa6 {[%emt 0:00:20] [#]} 50. Ke3 $1 {[%emt 0:00:40]} ({Avoid the trap} 50. hxg6+ $2 Rgxg6 51. Re2 Qd3+ 52. Kf2 Rh1 53. Rxg6 Qxg6 $19) 50... d4+ {[%emt 0:11:01]} 51. Ke4 {[%emt 0:00:10] White mates.} Qc8 {[%emt 0:02:22]} 52. Rh2 {[%emt 0:01:23]} Qf8 {[%emt 0:00:13]} 53. hxg6+ {[%emt 0:05:51]} fxg6 {[%emt 0:00:21]} 54. f7 {[%emt 0:00:23]} Rh8 {[%emt 0:00:12]} 55. Rgg2 {[%emt 0:00:51]} Rh5 {[%emt 0:01:13]} 56. Rxh5+ {[%emt 0:01:34]} gxh5 {[%emt 0:00:04]} 57. Rg5 {[%emt 0:00:28]} Qh6 {[%emt 0:01:03]} 58. Qh4 {[%emt 0:00:16] Weighted Error Value: White=0.20 (precise) /Black=0.40} 1-0

[Event "German Bundesliga 2021-22"]
[Site "Germany"]
[Date "2022.05.01"]
[Round "6.8"]
[White "Meissner, Felix"]
[Black "Predojevic, Borki"]
[Result "0-1"]
[WhiteElo "2381"]
[BlackElo "2585"]
[Annotator "TA"]
[PlyCount "78"]
[EventDate "2022.03.05"]
[EventType "team-tourn"]
[EventCountry "GER"]
[SourceTitle "playchess.com"]
[Source "ChessBase"]
[SourceQuality "1"]
[TimeControl "40/5400+30:1800+30"]

{[%evp 12,78,20,18,12,-4,0,-21,-19,-18,0,0,0,0,0,-16,-21,-71,-56,-91,-91,-108,-82,-94,-71,-77,-60,-74,-52,-108,-102,-147,-113,-229,-231,-345,-334,-468,-449,-452,-457,-484,-470,-506,-410,-450,-458,-468,-450,-489,-487,-489,-508,-500,-476,-605,-558,-570,-537,-561,-559,-644,-621,-964,-942,-1221,-1254,-1266,-1133]} 1. e4 {[%emt 0:00:00]} c5 {[%emt 0:00:00]} 2. Nf3 {[%emt 0:00:00]} e6 {[%emt 0:00:00]} 3. d4 {[%emt 0:00:00]} cxd4 {[%emt 0:00:00]} 4. Nxd4 {[%emt 0:00:00]} Nc6 {[%emt 0:00:00]} 5. Nc3 {[%emt 0:00:00]} Qc7 {[%emt 0:00:00]} 6. g3 {[%emt 0:00:00]} a6 {[%emt 0:00:00]} 7. a4 {[%emt 0:00:00]} Nf6 {[%emt 0:00:00] B47: Sicilian: Taimanov: 5 Nc3 Qc7 6 f4, 6 g3 and 6 Be2.} 8. Nxc6 {[%emt 0:02:46]} bxc6 {[%emt 0:01:40]} 9. Bg2 {[%emt 0:01:21]} a5 {[%emt 0:11:05] The position is equal.} 10. O-O {[%emt 0:00:15][%cal Oe4e5] [#]} Ba6 $146 {[%emt 0:02:44]} ({Predecessor:} 10... Be7 11. Re1 e5 12. Qf3 h6 13. Nd1 O-O 14. Ne3 d5 15. exd5 e4 16. Qd1 Rd8 17. c4 Bb7 18. Bd2 cxd5 19. cxd5 Bc5 20. Qc2 Rxd5 21. Bc3 Bxe3 {½-½ (21) Obukhov,G (1896)-Kroes,F (1675) LSS email 2011}) 11. Re1 {[%emt 0:00:07]} e5 {[%emt 0:00:06]} 12. b3 {[%emt 0:09:38]} Bb4 {[%emt 0:11:58]} 13. Bd2 {[%emt 0:01:35]} O-O {[%emt 0:03:20]} 14. g4 {[%emt 0:05:43]} (14. Qc1 $11) 14... d6 $17 {[%emt 0:13:40] Black is more active.} 15. g5 {[%emt 0:02:43]} Nd7 {[%emt 0:00:12][%cal Bf6d7,Bd7c5,Bc5e6,Be6f4][%mdl 32]} 16. Re3 {[%emt 0:04:27]} Nc5 {[%emt 0:10:42]} 17. Qh5 {[%emt 0:04:56]} f6 {[%emt 0:02:20] And now ...fxg5 would win.} 18. g6 {[%emt 0:05:09]} ({Much weaker is} 18. Rh3 g6 19. Qh4 fxg5 20. Bxg5 Ne6 $17) 18... hxg6 {[%emt 0:00:08]} 19. Qxg6 {[%emt 0:00:32]} Qf7 {[%emt 0:00:48]} 20. Qg3 {[%emt 0:05:16] Black keeps a firm grip on the game.} (20. Qg4 $15) 20... Ne6 {[%emt 0:08:16]} 21. Bh3 {[%emt 0:05:33]} Nf4 $36 {[%emt 0:04:14][%mdl 2048] Black is on the roll.} 22. Rae1 {[%emt 0:02:26]} (22. Bf5 $17) 22... d5 $19 {[%emt 0:17:21][%cal Bd6d5,Bd5d4][%mdl 32]} 23. Rf3 {[%emt 0:09:43]} (23. exd5 $142 cxd5 24. Rf3) 23... d4 {[%emt 0:03:16]} 24. Bf5 {[%emt 0:03:16]} (24. Nb1 $142 Ne2+ 25. Rxe2 Bxe2 26. Bf5) 24... Bxc3 {[%emt 0:04:03]} 25. Bxf4 {[%emt 0:10:59]} exf4 {[%emt 0:02:28]} ({Worse is} 25... Bxe1 26. Bg6 exf4 27. Bxf7+ Rxf7 28. Qh4 $17) 26. Qh3 {[%emt 0:03:17][%csl Gf5][%cal Rh3h7] [#]} Rfe8 $1 {[%emt 0:00:11][%cal Bf8e8,Be8e5,Be5c5][%mdl 32]} 27. Rd1 {[%emt 0:10:06]} Rad8 {[%emt 0:01:21]} 28. Qh7+ {[%emt 0:04:30]} Kf8 {[%emt 0:00:05][%cal Bg8f8,Bf8e7,Be7d7,Bd7c7][%mdl 32] Black is clearly winning.} 29. Bg6 {[%emt 0:02:54]} Qg8 {[%emt 0:00:58]} 30. Qh4 {[%emt 0:01:21]} Re5 {[%emt 0:01:11]} ({Avoid the trap} 30... Be2 $2 31. Rxf4 d3 32. Rxd3 Bxd3 33. cxd3) 31. Qxf4 {[%emt 0:02:37]} Ke7 {[%emt 0:00:15] [#] Strongly threatening ...Be2.} 32. Rg3 {[%emt 0:01:50]} Be2 {[%emt 0:01:17]} 33. Rd2 {[%emt 0:02:23]} Bxd2 {[%emt 0:01:12]} 34. Qxd2 {[%emt 0:00:01]} Ba6 {[%emt 0:00:14]} 35. f4 {[%emt 0:00:42]} Rc5 {[%emt 0:00:26][%cal Oc5c3]} 36. Qc1 {[%emt 0:01:10]} Kd7 {[%emt 0:01:16]} 37. Qa3 {[%emt 0:00:17]} Qf8 {[%emt 0:00:10]} 38. Qb2 {[%emt 0:01:15]} Kc7 {[%emt 0:00:36] aiming for ...d3.} 39. b4 {[%emt 0:00:05]} axb4 {[%emt 0:00:43] Weighted Error Value: White=0.52/Black=0.06 (flawless)} 0-1